First Name Hangman #2 - Statistics

General Stats
  • This quiz has been taken 21 times
  • The average score is 3 of 6
Answer Stats
Spelling % Correct
A
100%
A
100%
A
100%
A
100%
A
100%
A
100%
A
100%
E
100%
E
100%
E
100%
I
100%
I
100%
L
100%
L
100%
N
100%
O
100%
O
100%
R
100%
R
100%
R
100%
R
100%
V
100%
E
50%
I
50%
N
50%
N
50%
R
50%
S
50%
U
50%
A
0%
A
0%
A
0%
C
0%
D
0%
D
0%
D
0%
D
0%
E
0%
E
0%
E
0%
E
0%
E
0%
E
0%
E
0%
E
0%
G
0%
G
0%
H
0%
H
0%
H
0%
H
0%
I
0%
I
0%
J
0%
J
0%
J
0%
L
0%
L
0%
M
0%
M
0%
N
0%
N
0%
N
0%
N
0%
N
0%
N
0%
O
0%
O
0%
R
0%
R
0%
R
0%
R
0%
S
0%
S
0%
T
0%
T
0%
T
0%
T
0%
U
0%
U
0%
V
0%
W
0%
Y
0%
Y
0%
No matching quizzes found
Score Distribution
Percent of People with Each Score
Percentile by Number Answered
Your Score History
You have not taken this quiz